| 000 | 00821 a2200193 4500 | ||
|---|---|---|---|
| 003 | Nust | ||
| 005 | 20230306113438.0 | ||
| 010 | _a71083799 | ||
| 040 | _cNust | ||
| 082 | _a330.12,DUR | ||
| 100 |
_aDurbin, Evan Frank Mottram _9109830 |
||
| 245 |
_aThePolitics of Democratic Socialism _ban Essay on Social Policy / _cE. F. M. Durbin, _hWith a foreword by Hugh Gaitskell |
||
| 260 |
_aA. M. Kelley _bNew York _c1969 |
||
| 300 |
_a384 p _b21 cm |
||
| 505 | _aCooperation And Conflict (Page-37), Capitalism In Transition (Page-75), The Dictatorship Of The Proletariat (Page-151), Socialism And Democracy (Page-235), The Strategy Of Democrating Socialism (Page-283). | ||
| 600 |
_aDurbin, Evan Frank Mottram _9109830 |
||
| 650 |
_aThe politics of democratic socialism; an essay on social policy _9109831 |
||
| 942 |
_2ddc _cBK |
||
| 999 |
_c184608 _d184608 |
||